000
00314nam a22001337a 4500
008
211018b ||||| |||| 00| 0 eng d
041
_a
eng
080
_2
15th
_a
330
082
_a
330
100
_a
52
101
_a
EKO
245
_a
Economics Principles, Problems, and Policies
_c
Connell,C.R,M
942
_2
udc
_c
BK
999
_c
58241
_d
58241